000 00504nam a2200181Ia 4500
008 090123s9999 xx 000 0 und d
082 _b25070
100 _aहस्ते इंदुमती
245 _aपानगळ
250 _a1
260 _bजयश्री प्रकाशन
300 _a201
600 _aहस्ते इंदुमती
630 _aपानगळ
700 _aहस्ते इंदुमती
730 _aपानगळ
942 _cBOOK
999 _c63141
_d63141